Central Asian 'Stan' Multiple Choice Quiz - Statistics

General Stats
  • This quiz has been taken 24 times
    10 since last reset
  • The average score is 8 of 15
Answer Stats
Question Answer % Correct
Largest Country? Kazakhstan
100%
Changed capital's name several times recently? Kazakhstan
90%
Capital of the country is Bishkek? Kyrgyzstan
80%
Largest Population? Uzbekistan
80%
Largest percent of population Russian? Kazakhstan
70%
First Soviet nuclear bomb test was conducted? Kazakhstan
70%
Currency is the Somoni? Tajikistan
60%
Had a "president for life" who banned opera and the circus? Turkmenistan
60%
Contains the ancient historical city of Bukhara? Uzbekistan
50%
Has no stars or animals on its flag? Kyrgyzstan
40%
Highest percentage of population follow Islam? Tajikistan
40%
Has the ruins of Merv, once a city named after Alexander the Great? Turkmenistan
30%
Coldest average yearly temperature? Kyrgyzstan
20%
Highest mountain? Tajikistan
20%
Possesses the world's sixth largest reserves of natural gas resources? Turkmenistan
20%
No matching quizzes found
Score Distribution
Percent of People with Each Score
Percentile by Number Answered
Your Score History
You have not taken this quiz since the last reset